000 00621nam a2200193 4500
999 _c160708
_d160708
005 20190214112935.0
010 _aENG-124780
020 _a9788174791658
_c1100.00
035 _aEN-108312
037 _bDBAD/PUB
082 _a240
100 _aJain, Jagdish Prasad
245 _aPerspectives in Jainism/
_cby Jagdish Prasad Jain
260 _aNew Delhi
_bKaveri Books
_c2017
270 _a4832/24, Ansari Road, Darya Ganj
_bDelhi
_k011-23288140, 01123245799
_mkaveribooks@gmail.com, info@kaveribooks.com
300 _axii,290p.
_c22cm(Hb)
500 _aincludes index
942 _2ddc
_cEN
_h240
_mJAI